000 00404nam a2200157Ia 4500
008 230524s9999 xx 000 0 und d
082 _a174.4
_bBHA
100 _aC.Bhattacharjee
245 0 _a"Services Marketing: Concepts, Planning & Implementation"
250 _aIST
260 _aNEW DELHI
_bExcel
_c2009
300 _aX;276
500 _aQuantity Number: 4
650 _aManagement
942 _cBK
999 _c45165
_d45165